| 000 | 00000nam##2200000za#4500 |
| 001 | 9.678753 |
| 003 | CaOODSP |
| 005 | 20200401054029 |
| 007 | ta |
| 008 | 150407|1991||||xxc||||| f|0| 0 fre|d |
| 020 | |a0-662-96702-X |
| 040 | |aCaOODSP|bfre |
| 043 | |an-cn--- |
| 086 | 1 |aH68-29/1991F |
| 110 | 1 |aCanada.|bSanté et Bien-être social Canada. |bConseil national du bien-être social. |
| 245 | 10|aComment combattre la pauvreté chez les enfants : |bun mémoire du Conseil national du bien-être social présenté au Sous-comité sur la pauvreté du Comité permanent de la santé et du bien-être social, des affaires sociales, du troisième âge et de la condition féminine de la Chambre des communes |
| 260 | |aOttawa - Ontario : |bSanté et Bien-être social Canada. |c1991. |
| 300 | |a58p. : |bgraphiques ; |c28 cm. |
| 500 | |aLe nombre d'exemplaires disponibles est limité. |
| 563 | |aPolycopié |
| 775 | 08|tFighting child poverty : |w(CaOODSP)9.644968 |
| 776 | 0#|tComment combattre la pauvreté chez les enfants : |w(CaOODSP)9.640660 |